| 000 | 00743nam a2200217Ii 4500 | ||
|---|---|---|---|
| 003 | JO-AjNU | ||
| 008 | 230605s9999||||xx |||||||||||||| ||und|| | ||
| 017 | _a1987/4080 | ||
| 020 | _a977-1600-17-6 | ||
| 040 |
_aJO-AjNU _bara _erda _cJO-AjNU |
||
| 041 | _aara | ||
| 050 | 1 | 4 | _aBP166.78.Y37 1987 |
| 100 | 3 |
_aياسين، محمد نعيم, _eauthor _937816 |
|
| 245 | 0 | 0 | _aكتاب الإيمان : أركانه- حقيقته- نواقضه |
| 264 | 3 | 1 | _aالقاهرة: مكتبة التراث الاسلامي، 1987 |
| 300 | _a240ص | ||
| 336 |
_atext _btxt _2rdacontent |
||
| 337 |
_aunmediated _bn _2rdamedia |
||
| 338 |
_avolume _bnc _2rdacarrier |
||
| 650 | 4 |
_aايمان- الاسلام- نواقض- عقيدة اسلامية _937817 |
|
| 999 |
_aA15836 _c19404 _d19404 |
||